000
00224nam a22000857a 4500
008
160630b xxu||||| |||| 00| 0 eng d
100
_9
1607
_a
Dreamland Publication
245
_a
Sinbad the Sailor
260
_a
Dreamland
_b
M/S Arya
999
_c
1332
_d
1332